Toxicology of the nose and upper airways (Record no. 12028)

MARC details
000 -LEADER
fixed length control field 01738nam a2200385Ia 4500
001 - CONTROL NUMBER
control field CRC00E8187XPDF
003 - CONTROL NUMBER IDENTIFIER
control field BD-DhSAU
005 - DATE AND TIME OF LATEST TRANSACTION
control field 20151012144309.0
006 - FIXED-LENGTH DATA ELEMENTS--ADDITIONAL MATERIAL CHARACTERISTICS
fixed length control field m|||||o||d||||||||
007 - PHYSICAL DESCRIPTION FIXED FIELD--GENERAL INFORMATION
fixed length control field cr||||
008 - FIXED-LENGTH DATA ELEMENTS--GENERAL INFORMATION
fixed length control field 130702s2015 flua sb 001 0 eng d
020 ## - INTERNATIONAL STANDARD BOOK NUMBER
International Standard Book Number 9781420081886 (ebook : PDF)
040 ## - CATALOGING SOURCE
Original cataloging agency BD-DhSAU
Transcribing agency BD-DhSAU
090 ## - LOCALLY ASSIGNED LC-TYPE CALL NUMBER (OCLC); LOCAL CALL NUMBER (OCLC)
Classification number (OCLC) (R) ; Classification number, CALL (RLIN) (NR) RF342
Local cutter number (OCLC) ; Book number/undivided call number, CALL (RLIN) .T69 2015
092 ## - LOCALLY ASSIGNED DEWEY CALL NUMBER (OCLC)
Classification number 616.21
Item number T755
245 00 - TITLE STATEMENT
Title Toxicology of the nose and upper airways
Medium [electronic resource] /
Statement of responsibility, etc. edited by John B. Morris, Dennis J. Shusterman.
260 ## - PUBLICATION, DISTRIBUTION, ETC. (IMPRINT)
Place of publication, distribution, etc. Boca Raton, Fla. :
Name of publisher, distributor, etc. CRC Press,
Date of publication, distribution, etc. 2015.
300 ## - PHYSICAL DESCRIPTION
Extent xiii, 436 p. :
Other physical details ill. ;
Dimensions [ca. 23-29] cm.
490 1# - SERIES STATEMENT
Series statement Target organ toxicology series
504 ## - BIBLIOGRAPHY, ETC. NOTE
Bibliography, etc Includes bibliographical references and index.
505 0# - FORMATTED CONTENTS NOTE
Formatted contents note pt. 1. Structure and function in the upper airway -- pt. 2. Dosimetry and toxicokinetics of nasal exposure -- pt. 3. Functional and pathologic responses and their measurement -- pt. 4. Responses to specific agents -- pt. 5. Risk assessment and special topics.
530 ## - ADDITIONAL PHYSICAL FORM AVAILABLE NOTE
Additional physical form available note Also available in print edition.
533 ## - REPRODUCTION NOTE
Type of reproduction Electronic reproduction.
Place of reproduction [Boca Raton, Fla. :
-- CRC Press,
Date of reproduction 2013].
Note about reproduction PDF file created from digital scan of print book.
650 #0 - SUBJECT ADDED ENTRY--TOPICAL TERM
Topical term or geographic name as entry element Toxicology.
650 #0 - SUBJECT ADDED ENTRY--TOPICAL TERM
Topical term or geographic name as entry element Nose
General subdivision Diseases
-- Etiology.
650 #0 - SUBJECT ADDED ENTRY--TOPICAL TERM
Topical term or geographic name as entry element Nose
General subdivision Effect of chemicals on.
650 #0 - SUBJECT ADDED ENTRY--TOPICAL TERM
Topical term or geographic name as entry element Nose
General subdivision Pathophysiology.
650 #0 - SUBJECT ADDED ENTRY--TOPICAL TERM
Topical term or geographic name as entry element Air
General subdivision Pollution
-- Toxicology.
655 #7 - INDEX TERM--GENRE/FORM
Genre/form data or focus term Electronic books.
Source of term lcsh
700 1# - ADDED ENTRY--PERSONAL NAME
Personal name Morris, John B.
700 1# - ADDED ENTRY--PERSONAL NAME
Personal name Shusterman, Dennis.
776 1# - ADDITIONAL PHYSICAL FORM ENTRY
International Standard Book Number 9781420081879
830 #0 - SERIES ADDED ENTRY--UNIFORM TITLE
Uniform title Target organ toxicology series.
856 40 - ELECTRONIC LOCATION AND ACCESS
Uniform Resource Identifier <a href="http://marc.crcnetbase.com/isbn/9781420081886">http://marc.crcnetbase.com/isbn/9781420081886</a>
Electronic format type application/PDF

No items available.